[Event "XIV Miedzynarodowe Mistrzostwa Gdanska "]
[Site "?"]
[Date "2012.??.??"]
[Round "2.24"]
[White "Grajczak, Adrian"]
[Black "Czarkowski, Tomasz"]
[Result "0-1"]
[WhiteElo "1999"]
[BlackElo "1636"]
[PlyCount "78"]
[EventDate "2012.??.??"]

1. e4 e5 2. Nf3 Nc6 3. Bb5 Nf6 4. O-O Bd6 5. Re1 O-O 6. c3 a6 7. Ba4 Re8 8. h3
h6 9. Bc2 Bc5 10. d4 exd4 11. cxd4 Bb4 12. Nc3 d6 13. Qd3 Ne7 14. Nh4 c5 15. d5
Nexd5 16. Bd2 Nxc3 17. bxc3 Ba5 18. Rad1 Be6 19. a3 d5 20. e5 c4 21. Qe2 Ne4
22. Bxe4 Qxh4 23. Bb1 Rad8 24. Be3 Bxc3 25. Qc2 d4 26. Qh7+ Kf8 27. g3 Qxh3 28.
Qh8+ Ke7 29. Qxg7 Rg8 30. Qf6+ Ke8 31. Be4 Bxe1 32. Rxd4 Bxf2+ 33. Kxf2 Qxg3+
34. Ke2 Qh2+ 35. Kf1 Bh3+ 36. Ke1 Rg1+ 37. Bxg1 Qxg1+ 38. Ke2 Rxd4 39. Bxb7
Bg4+ 0-1

[Event "XIV Miedzynarodowe Mistrzostwa Gdanska "]
[Site "CEN Gdansk"]
[Date "2012.??.??"]
[Round "2.26"]
[White "Kotlowska, Anna"]
[Black "Kumala, Aleksander"]
[Result "0-1"]
[WhiteElo "1647"]
[BlackElo "1974"]
[PlyCount "92"]
[EventDate "2012.??.??"]

1. e4 e5 2. Bc4 Nf6 3. d3 d5 4. exd5 Nxd5 5. Nc3 Bb4 6. Nge2 Bg4 7. f3 Be6 8.
Bxd5 Qxd5 9. O-O Qd7 10. f4 Nc6 11. Ne4 O-O-O 12. fxe5 Nxe5 13. c3 Be7 14. d4
Ng6 15. Ng5 Bxg5 16. Bxg5 f6 17. Bf4 Rhe8 18. Ng3 Bc4 19. Rf2 Re6 20. b3 Ba6
21. Qd2 Nxf4 22. Rxf4 Rde8 23. d5 c6 24. Rd4 cxd5 25. Rxd5 Qe7 26. c4 b6 27.
Kf1 g6 28. Rd1 Bb7 29. Rd4 f5 30. b4 Re5 31. c5 bxc5 32. bxc5 Rxc5 33. Rd7 Qf6
34. Rxb7 Qa6+ 35. Ne2 Qxb7 36. Nf4 g5 37. Qd6 Rc6 38. Qd3 gxf4 39. Qxf5+ Kb8
40. Rb1 Rb6 41. Qxf4+ Qc7 42. Rxb6+ axb6 43. Qd2 Qf7+ 44. Kg1 Qf6 45. Qd1 Rd8
46. Qe1 Qd4+ 0-1

[Event "XIV Miedzynarodowe Mistrzostwa Gdanska "]
[Site "CEN Gdansk"]
[Date "2012.??.??"]
[Round "2.27"]
[White "Gorniewicz, Oskar"]
[Black "Tarajkiewicz, Krzysztof"]
[Result "1/2-1/2"]
[WhiteElo "1961"]
[BlackElo "1574"]
[PlyCount "61"]
[EventDate "2012.??.??"]

1. d4 g6 2. e4 Bg7 3. f4 d6 4. Nc3 a6 5. Nf3 b5 6. Be2 Bb7 7. a3 Nd7 8. O-O Rc8
9. e5 c5 10. exd6 exd6 11. d5 Ngf6 12. f5 O-O 13. Bg5 Qb6 14. Qd2 Rce8 15. Kh1
c4 16. Ng1 Nc5 17. Bf3 Bc8 18. fxg6 fxg6 19. Nge2 Bf5 20. Ng3 Bd7 21. Be3 Qc7
22. Bd4 a5 23. Rfe1 b4 24. axb4 axb4 25. Nce4 Nfxe4 26. Nxe4 Nxe4 27. Bxe4 Bxd4
28. Qxd4 Qc5 29. Qxc5 dxc5 30. Kg1 Bf5 31. Bf3 1/2-1/2

[Event "XIV Miedzynarodowe Mistrzostwa Gdanska "]
[Site "CEN Gdansk"]
[Date "2012.??.??"]
[Round "2.28"]
[White "Wyrwa, Zdzislaw"]
[Black "Belczewski, Jacek"]
[Result "1-0"]
[WhiteElo "1946"]
[BlackElo "1498"]
[PlyCount "81"]
[EventDate "2012.??.??"]

1. e4 e6 2. d3 d5 3. Nd2 Nf6 4. Ngf3 c5 5. g3 Nc6 6. Bg2 Be7 7. O-O O-O 8. e5
Nd7 9. Re1 Qc7 10. Qe2 h6 11. h4 f6 12. exf6 Nxf6 13. c4 Bd6 14. Nb3 Bd7 15. d4
Nxd4 16. Nbxd4 cxd4 17. cxd5 exd5 18. Nxd4 Rae8 19. Be3 Bg4 20. Qc2 Qxc2 21.
Nxc2 b6 22. Bd4 Ne4 23. Rac1 Bc5 24. Bxe4 dxe4 25. Bxc5 bxc5 26. Ne3 Bf3 27.
Rxc5 Rd8 28. Rc2 Rd7 29. Rec1 Rfd8 30. Kh2 Rd2 31. g4 Re2 32. Kg3 Rdd2 33. Rxd2
Rxd2 34. Rc2 Rxc2 35. Nxc2 g5 36. hxg5 hxg5 37. Nd4 Bd1 38. Ne6 Bc2 39. Nxg5 e3
40. fxe3 Kg7 41. Kf4 1-0

[Event "XIV Miedzynarodowe Mistrzostwa Gdanska "]
[Site "?"]
[Date "2012.??.??"]
[Round "2.29"]
[White "Grabowski, Jan"]
[Black "Zelajtys, Jozef"]
[Result "1-0"]
[WhiteElo "1886"]
[BlackElo "1628"]
[PlyCount "73"]
[EventDate "2012.??.??"]

1. d4 g6 2. c4 Bg7 3. Nc3 c6 4. e4 d6 5. Be3 Nh6 6. f3 f5 7. Qd2 Nf7 8. O-O-O
Qa5 9. Bd3 e6 10. Nge2 Na6 11. g4 Bd7 12. gxf5 exf5 13. Kb1 O-O-O 14. Nc1 Rhe8
15. Nb3 Qb4 16. Rhg1 Bf6 17. Qc2 g5 18. a3 Qb6 19. c5 Qc7 20. Bxa6 bxa6 21.
cxd6 Qxd6 22. e5 Qe7 23. Qd3 Kb8 24. Qxa6 f4 25. Bf2 Bh8 26. Nc5 Bf5+ 27. Ka1
Qc7 28. Qa4 Qb6 29. Qc4 Re7 30. N3e4 Qb5 31. Qxb5+ cxb5 32. Nc3 h5 33. Nxb5 Rg8
34. Nc3 Rd8 35. Na2 Rc8 36. Nb4 g4 37. Nd5 1-0

[Event "XIV Miedzynarodowe Mistrzostwa Gdanska "]
[Site "CEN Gdansk"]
[Date "2012.??.??"]
[Round "2.30"]
[White "Zaleski, Lukasz"]
[Black "Janczarski, Michal"]
[Result "0-1"]
[WhiteElo "1652"]
[BlackElo "2357"]
[PlyCount "55"]
[EventDate "2012.??.??"]

1. Nf3 Nf6 2. g3 c5 3. Bg2 d5 4. O-O Nc6 5. d3 Bg4 6. h3 Bxf3 7. Bxf3 Qc7 8. c3
h5 9. h4 e6 10. e4 d4 11. c4 Bd6 12. Kh2 Ne5 13. Na3 a6 14. Be2 Neg4+ 15. Kg2
Qc6 16. Bf3 Ne5 17. Be2 b5 18. b3 bxc4 19. Nxc4 Nxc4 20. bxc4 g6 21. Bf3 e5 22.
Bd2 O-O 23. Rb1 Bc7 24. Qc2 Kg7 25. Rb3 Rfb8 26. Rfb1 Ne8 27. Qc1 Nd6 28. Qa3
0-1

[Event "XIV Miedzynarodowe Mistrzostwa Gdanska "]
[Site "CEN Gdansk"]
[Date "2012.??.??"]
[Round "2.32"]
[White "Zolnierowicz, Krzysztof"]
[Black "Szymanowski, Igor"]
[Result "1-0"]
[WhiteElo "2226"]
[BlackElo "1639"]
[PlyCount "64"]
[EventDate "2012.??.??"]

1. e4 c5 2. Nf3 d6 3. Bc4 Nf6 4. e5 dxe5 5. Nxe5 e6 6. Qe2 Bd6 7. d3 O-O 8. O-O
Nbd7 9. f4 Qc7 10. Re1 a6 11. Nd2 b5 12. Bb3 Bb7 13. Ndf3 Bxf3 14. gxf3 Rfe8
15. c3 Nd5 16. d4 c4 17. Bc2 f6 18. Kh1 f5 19. Rg1 N7f6 20. h4 Nh5 21. Qh2 Qe7
22. Bd2 Qf6 23. Rg5 Qh6 24. b3 Be7 25. bxc4 bxc4 26. Rag1 Nb6 27. Ng4 fxg4 28.
fxg4 e5 29. Rxh5 Qc6+ 30. Rg2 e4 31. Re5 Rab8 32. Bxe4 Qd6 1-0

[Event "XIV Miedzynarodowe Mistrzostwa Gdanska "]
[Site "?"]
[Date "2012.??.??"]
[Round "2.33"]
[White "Tamon, Radoslaw"]
[Black "Gluszko, Monika"]
[Result "0-1"]
[WhiteElo "1623"]
[BlackElo "2015"]
[PlyCount "84"]
[EventDate "2012.??.??"]

1. e4 c5 2. Nf3 d6 3. Bc4 Nf6 4. e5 dxe5 5. Nxe5 e6 6. Qe2 Bd6 7. d3 Qc7 8. Nf3
O-O 9. O-O a6 10. a4 b6 11. Be3 Bb7 12. Nbd2 Ng4 13. h3 Nxe3 14. fxe3 Nd7 15.
d4 Nf6 16. c3 Nh5 17. Rfc1 Ng3 18. Qf2 Rac8 19. Nf1 Ne4 20. Qe2 Ra8 21. Bd3 Qe7
22. N3d2 Ng5 23. h4 Nh3+ 24. gxh3 Qxh4 25. Qg4 Qh6 26. e4 f5 27. exf5 exf5 28.
Bxf5 Rxf5 29. Qxf5 Rf8 30. Qxf8+ Kxf8 31. Kf2 Qxh3 32. Ke1 Qd3 33. dxc5 Be7 34.
Nh2 Bh4+ 35. Kd1 Bg5 36. Rc2 Be4 37. Rac1 Bf4 38. Ke1 Bg3+ 39. Kd1 Bxh2 40. Rb1
Qxc2+ 41. Ke2 Bd3+ 42. Ke3 Bf4+ 0-1

[Event "XIV Miedzynarodowe Mistrzostwa Gdanska "]
[Site "CEN Gdansk"]
[Date "2012.??.??"]
[Round "2.34"]
[White "Cybulski, Ryszard"]
[Black "Zhuk, Dmitriy"]
[Result "1-0"]
[WhiteElo "1925"]
[BlackElo "1605"]
[PlyCount "45"]
[EventDate "2012.??.??"]

1. e4 e6 2. d4 d5 3. Nc3 Bb4 4. e5 c5 5. a3 Bxc3+ 6. bxc3 Nc6 7. Bb5 Qb6 8.
Bxc6+ Qxc6 9. Ne2 c4 10. Bg5 h6 11. Bh4 Bd7 12. O-O g5 13. Bg3 Ne7 14. f4 Nf5
15. Bf2 O-O-O 16. a4 Qc7 17. a5 a6 18. Ng3 Nxg3 19. Bxg3 gxf4 20. Rxf4 Bc6 21.
Qh5 Rdf8 22. Rf6 Qe7 23. Rxh6 1-0

[Event "XIV Miedzynarodowe Mistrzostwa Gdanska "]
[Site "CEN Gdansk"]
[Date "2012.??.??"]
[Round "2.35"]
[White "Wozniak, Konrad"]
[Black "Dobrowolski, Henryk"]
[Result "0-1"]
[WhiteElo "1595"]
[BlackElo "1883"]
[PlyCount "52"]
[EventDate "2012.??.??"]

1. d4 Nf6 2. c4 g6 3. Nc3 Bg7 4. e4 d6 5. Nf3 Bg4 6. Be2 O-O 7. O-O Nbd7 8. Be3
c6 9. Ne1 Bxe2 10. Qxe2 e5 11. d5 c5 12. Nd3 Qe7 13. f4 exf4 14. Bxf4 Nh5 15.
Nb5 Nxf4 16. Rxf4 a6 17. Nc3 Rae8 18. Re1 Ne5 19. Nxe5 Bxe5 20. Rf3 Qg5 21. Qc2
Bxh2+ 22. Kxh2 Qh4+ 23. Rh3 Qxe1 24. Qd3 f5 25. exf5 Rxf5 26. Qc2 Rf1 0-1

[Event "XIV Miedzynarodowe Mistrzostwa Gdanska "]
[Site "CEN Gdansk"]
[Date "2012.??.??"]
[Round "2.36"]
[White "Pawlowski, Pawel"]
[Black "Wyczling, Bartosz"]
[Result "0-1"]
[WhiteElo "1837"]
[BlackElo "1591"]
[PlyCount "92"]
[EventDate "2012.??.??"]

1. c4 c5 2. Nf3 Nc6 3. Nc3 e5 4. d3 g6 5. g3 Bg7 6. Bg2 d6 7. O-O Nge7 8. Bd2
O-O 9. Qc1 Re8 10. e4 Rb8 11. a3 a6 12. Rb1 b5 13. b3 Bg4 14. h3 Bd7 15. Kh2 b4
16. Ne2 bxa3 17. Qxa3 Qb6 18. Ne1 a5 19. Nc2 Nb4 20. Nxb4 axb4 21. Qc1 Ra8 22.
f4 Nc6 23. Qd1 Ra3 24. f5 Rea8 25. fxg6 hxg6 26. Be3 Qa6 27. Ng1 Ra2 28. Nf3
Qc8 29. Rf2 Rxf2 30. Bxf2 Ra2 31. Qf1 Bh6 32. Ra1 Qa8 33. Rb1 Qa3 34. g4 Na5
35. g5 Bg7 36. Be3 Nxb3 37. Qd1 Na5 38. Bc1 Qa4 39. Qxa4 Bxa4 40. Ne1 Nc6 41.
Bb2 Nd4 42. Bxd4 exd4 43. Kg3 Be5+ 44. Kf3 b3 45. Bf1 b2 46. Ke2 Bg3 0-1

[Event "XIV Miedzynarodowe Mistrzostwa Gdanska "]
[Site "?"]
[Date "2012.??.??"]
[Round "2.37"]
[White "Szymanowski, Mateusz"]
[Black "Gostamski, Mariusz"]
[Result "1-0"]
[WhiteElo "1833"]
[BlackElo "1588"]
[PlyCount "77"]
[EventDate "2012.??.??"]

1. e4 c5 2. Nf3 Nc6 3. c4 Nf6 4. Nc3 d6 5. d4 cxd4 6. Nxd4 h6 7. Be2 e6 8. Be3
Be7 9. O-O a6 10. h3 Qc7 11. Rc1 Nxd4 12. Bxd4 Bd7 13. f4 e5 14. Nd5 Nxd5 15.
cxd5 Qb8 16. fxe5 dxe5 17. Bb6 Bd6 18. Bg4 Bxg4 19. Qxg4 g6 20. h4 h5 21. Qh3
O-O 22. Qd7 a5 23. Rf6 Bb4 24. Rxg6+ fxg6 25. Rc7 Qxc7 26. Bxc7 Bc5+ 27. Kh2
Rae8 28. Bd6 Bxd6 29. Qxd6 Kg7 30. Qb6 Rf7 31. Qxa5 Rd7 32. Qb6 Ree7 33. b4 Kh7
34. Qb5 Rf7 35. a4 Kg7 36. a5 Rd6 37. Qe8 Kf6 38. b5 Re7 39. Qf8+ 1-0

[Event "XIV Miedzynarodowe Mistrzostwa Gdanska "]
[Site "CEN Gdansk"]
[Date "2012.??.??"]
[Round "2.38"]
[White "Garbowski, Jakub"]
[Black "Grota, Mateusz"]
[Result "1/2-1/2"]
[WhiteElo "1572"]
[BlackElo "1815"]
[PlyCount "97"]
[EventDate "2012.??.??"]

1. e4 d6 2. d4 Nf6 3. Bd3 g6 4. f4 Bg7 5. Nf3 O-O 6. O-O Nbd7 7. h3 c5 8. Be3
Qc7 9. c3 b6 10. Nbd2 Bb7 11. Qe2 e6 12. Rae1 Rad8 13. Nh2 d5 14. e5 Ne8 15.
Qg4 Nb8 16. Nhf3 Ba6 17. Bxa6 Nxa6 18. Rc1 Qe7 19. h4 h5 20. Qh3 Bh6 21. Ng5
Ng7 22. a3 Nf5 23. Bf2 Rc8 24. Rfe1 Nb8 25. Nf1 Nc6 26. Ne3 Ng7 27. Nf1 Rc7 28.
Nd2 Nf5 29. Nb3 cxd4 30. Nxd4 Ncxd4 31. Bxd4 Rfc8 32. Be3 Qd7 33. g3 Bf8 34.
Kh2 Nxe3 35. Rxe3 d4 36. Rd3 Qb5 37. Rd2 dxc3 38. Rxc3 Rxc3 39. bxc3 Rxc3 40.
Nxe6 fxe6 41. Qxe6+ Kh7 42. Qf7+ Bg7 43. f5 Rd3 44. Qxg6+ Kg8 45. Rxd3 Qxd3 46.
Qe8+ Bf8 47. Qg6+ Bg7 48. Qe8+ Bf8 49. Qg6+ 1/2-1/2

[Event "XIV Miedzynarodowe Mistrzostwa Gdanska "]
[Site "CEN Gdansk"]
[Date "2012.??.??"]
[Round "2.39"]
[White "Wojszkun, Tadeusz"]
[Black "Aftanasiuk, Jakub"]
[Result "1-0"]
[WhiteElo "1809"]
[BlackElo "1548"]
[PlyCount "106"]
[EventDate "2012.??.??"]

1. d4 e6 2. c4 d5 3. Nc3 Bb4 4. Nf3 Nf6 5. Qb3 Bxc3+ 6. bxc3 O-O 7. Bg5 h6 8.
Bh4 b6 9. cxd5 exd5 10. e3 Bf5 11. Be2 c6 12. Ne5 Qd6 13. O-O Nbd7 14. Bg3 Qe6
15. Qa4 Nxe5 16. Bxe5 Ne4 17. Rfc1 c5 18. c4 dxc4 19. Qxc4 Qxc4 20. Bxc4 cxd4
21. Bxd4 Nd6 22. Ba6 Bc8 23. Be2 Bb7 24. Be5 Nf5 25. Rc7 Bd5 26. Bd3 Nh4 27. e4
Be6 28. Ba6 Ng6 29. Bd6 Rfd8 30. Bg3 Rd7 31. h3 Rad8 32. a3 Rxc7 33. Bxc7 Rd4
34. f3 Ne7 35. Rc1 Ra4 36. Bf1 Ng6 37. Bd6 f6 38. Bb4 Bd7 39. Rc7 a5 40. Bd6
Be6 41. Rc6 Rd4 42. Rxb6 Rd1 43. Kf2 Bb3 44. Ke2 h5 45. Bb8 Rb1 46. Kf2 a4 47.
f4 Ra1 48. Bd6 Nxf4 49. Bxf4 Rxa3 50. Bd6 Ra2+ 51. Kg3 Bc2 52. Bc4+ Kh7 53.
Bxa2 Bxe4 1-0

[Event "XIV Miedzynarodowe Mistrzostwa Gdanska "]
[Site "CEN Gdansk"]
[Date "2012.??.??"]
[Round "2.40"]
[White "Kindler, Przemyslaw"]
[Black "Frej, Zofia"]
[Result "0-1"]
[WhiteElo "1787"]
[BlackElo "1545"]
[PlyCount "83"]
[EventDate "2012.??.??"]

1. e4 c5 2. Nf3 Nc6 3. d4 cxd4 4. Nxd4 g6 5. Be3 Bg7 6. Bc4 Nf6 7. Nc3 Qa5 8.
O-O O-O 9. f4 Qb4 10. Qd3 Qxb2 11. a3 Nxe4 12. Na4 Nc5 13. Nxc5 Bxd4 14. Rae1
Bxe3+ 15. Rxe3 Qd4 16. Qxd4 Nxd4 17. Rxe7 Nxc2 18. f5 d5 19. Bxd5 Bxf5 20. g4
Rad8 21. Ba2 Bxg4 22. Rfxf7 Rxf7 23. Rxf7 Kh8 24. Ne4 Rd7 25. Rf2 Nxa3 26. Nf6
Rd4 27. Bb3 Bh3 28. Ne8 Bf5 29. Re2 h5 30. Re7 Rd7 31. Re3 Rd3 32. Rxd3 Bxd3
33. Nd6 b5 34. Kf2 Kg7 35. Ne8+ Kf8 36. Nd6 a5 37. Nb7 a4 38. Bd1 Bc2 39. Be2
b4 40. Nc5 Nb1 41. Bc4 Nc3 42. Ke1 0-1

[Event "XIV Miedzynarodowe Mistrzostwa Gdanska "]
[Site "CEN Gdansk"]
[Date "2012.??.??"]
[Round "2.41"]
[White "Wyczling, Artur"]
[Black "Grabarczyk, Sylwester"]
[Result "0-1"]
[WhiteElo "1499"]
[BlackElo "1746"]
[PlyCount "62"]
[EventDate "2012.??.??"]

1. d4 d5 2. c4 Nf6 3. Nc3 c6 4. Bg5 e6 5. cxd5 exd5 6. Qc2 h6 7. Bh4 Bb4 8. e3
O-O 9. Bd3 Re8 10. Nf3 g5 11. Bg3 Ne4 12. Bxe4 dxe4 13. Nd2 Bf5 14. a3 Bxc3 15.
bxc3 Nd7 16. Nc4 Re6 17. Nd6 Bg6 18. Nxb7 Qf8 19. c4 f5 20. d5 cxd5 21. cxd5
Rb6 22. Na5 f4 23. exf4 gxf4 24. Bh4 e3 25. Qc7 exf2+ 26. Bxf2 Re8+ 27. Kf1
Bd3+ 28. Kg1 Qg7 29. Rd1 Be4 30. g3 fxg3 31. Qxg3 Rg6 0-1

[Event "XIV Miedzynarodowe Mistrzostwa Gdanska "]
[Site "CEN Gdansk"]
[Date "2012.??.??"]
[Round "2.47"]
[White "Pham, Juliusz"]
[Black "Kostecki, Samuel"]
[Result "1/2-1/2"]
[WhiteElo "1714"]
[BlackElo "1447"]
[PlyCount "84"]
[EventDate "2012.??.??"]

1. e4 c5 2. c3 d6 3. d4 Nd7 4. Nf3 Qc7 5. Bd3 Ngf6 6. O-O g6 7. Na3 a6 8. Re1
e5 9. Nc4 b5 10. Ne3 Bg7 11. a4 b4 12. dxe5 dxe5 13. cxb4 cxb4 14. Bd2 a5 15.
Rc1 Qd8 16. Nc4 Qe7 17. Be3 O-O 18. Qc2 Bb7 19. Nb6 Nxb6 20. Bxb6 Rfc8 21. Qe2
Qe6 22. Bc7 Ne8 23. Bc4 Qe7 24. Bb6 Rc6 25. Be3 Rac8 26. Bd3 Nd6 27. h3 Qd7 28.
Rcd1 Qc7 29. Nd2 Qe7 30. Nb3 Ra8 31. f3 Bf6 32. Rc1 Bg5 33. Bxg5 Qxg5 34. Kh1
Qe7 35. Bb5 Nxb5 36. Qxb5 Qc7 37. Rc5 Rxc5 38. Nxc5 Bc6 39. Qe2 Qd6 40. Rc1 Rc8
41. Qa6 Ra8 42. Qc4 Rc8 1/2-1/2

[Event "XIV Miedzynarodowe Mistrzostwa Gdanska "]
[Site "CEN Gdansk"]
[Date "2012.??.??"]
[Round "3.2"]
[White "Kanarkiewicz, Michal"]
[Black "Malisauskas, Vidmantas"]
[Result "1/2-1/2"]
[WhiteElo "2079"]
[BlackElo "2460"]
[PlyCount "81"]
[EventDate "2012.??.??"]

1. e4 Nf6 2. e5 Nd5 3. d4 d6 4. Nf3 Bg4 5. Be2 c6 6. O-O dxe5 7. Nxe5 Bxe2 8.
Qxe2 g6 9. c3 Bg7 10. Nd2 Nd7 11. Ndf3 Nxe5 12. Nxe5 O-O 13. Re1 Qd6 14. Ng4 h5
15. Ne5 Bxe5 16. dxe5 Qe6 17. c4 Nc7 18. b3 Rfd8 19. Bb2 Qf5 20. Qe4 Qxe4 21.
Rxe4 Rd2 22. Ba3 Kf8 23. Kf1 Rad8 24. Re2 Ne6 25. Rxd2 Rxd2 26. Bc1 Rd7 27. Be3
a6 28. Rc1 Ke8 29. Rc2 Nd4 30. Rd2 Nf5 31. Ke2 f6 32. Rxd7 Kxd7 33. exf6 exf6
34. Bc5 Ke6 35. f4 g5 36. fxg5 fxg5 37. g3 Ke5 38. Kd3 h4 39. Bb6 hxg3 40. Bc7+
Ke6 41. hxg3 1/2-1/2

[Event "XIV Miedzynarodowe Mistrzostwa Gdanska "]
[Site "CEN Gdansk"]
[Date "2012.??.??"]
[Round "3.4"]
[White "Khamitskiy, Sergei"]
[Black "Stovring, Claus"]
[Result "1-0"]
[WhiteElo "2290"]
[BlackElo "2013"]
[PlyCount "53"]
[EventDate "2012.??.??"]

1. d4 Nf6 2. c4 g6 3. Nc3 Bg7 4. e4 d6 5. h3 O-O 6. Nf3 e5 7. d5 a5 8. Bg5 Na6
9. g4 Nc5 10. Nd2 c6 11. Be2 a4 12. b4 axb3 13. axb3 Rxa1 14. Qxa1 Na6 15. Qa3
c5 16. Na2 Qb6 17. O-O h6 18. Be3 h5 19. f3 Nh7 20. b4 cxb4 21. Bxb6 bxa3 22.
Nb3 f5 23. Nc3 Ng5 24. c5 Nxh3+ 25. Kh2 fxg4 26. fxg4 hxg4 27. cxd6 1-0

[Event "XIV Miedzynarodowe Mistrzostwa Gdanska "]
[Site "?"]
[Date "2012.??.??"]
[Round "3.5"]
[White "Kotlowski, Tomasz"]
[Black "Rybak, Tomasz"]
[Result "1-0"]
[WhiteElo "1995"]
[BlackElo "2221"]
[PlyCount "57"]
[EventDate "2012.??.??"]

1. d4 Nf6 2. Nf3 e6 3. Bg5 c5 4. c3 Qb6 5. Qb3 Nc6 6. Bxf6 gxf6 7. Nbd2 cxd4 8.
Qxb6 axb6 9. Nxd4 Nxd4 10. cxd4 d5 11. e4 dxe4 12. Bb5+ Bd7 13. Bxd7+ Kxd7 14.
Nxe4 Bg7 15. Nc3 f5 16. O-O-O Ke7 17. Rd3 Rhd8 18. Rhd1 b5 19. b4 Ra3 20. Nd5+
Rxd5 21. Rxa3 Bxd4 22. Rad3 e5 23. f4 f6 24. fxe5 fxe5 25. Rh3 h6 26. Rxh6 e4
27. Kc2 b6 28. Rxb6 e3 29. Rxb5 1-0

[Event "XIV Miedzynarodowe Mistrzostwa Gdanska "]
[Site "?"]
[Date "2012.??.??"]
[Round "3.6"]
[White "Kempinski, Tomasz"]
[Black "Bobryk, Konrad"]
[Result "1-0"]
[WhiteElo "2204"]
[BlackElo "1558"]
[PlyCount "51"]
[EventDate "2012.??.??"]

1. e4 c5 2. Nf3 Nc6 3. d4 cxd4 4. Nxd4 g6 5. c4 Bg7 6. Be3 d6 7. Nc3 Nf6 8. Be2
O-O 9. O-O Bd7 10. Nc2 Qb8 11. f3 Rc8 12. Qd2 Ne5 13. b3 a5 14. a4 Qc7 15. Nd4
Nc6 16. Ndb5 Qd8 17. Rad1 Nb4 18. Na3 Bc6 19. Qe1 Qc7 20. Rc1 Nd7 21. Qf2 b6
22. Nd5 Bxd5 23. cxd5 Qb7 24. Bc4 Nc5 25. Rfd1 Bb2 26. Qxb2 1-0